Columbia Viking Desk Encyclopedia (Record no. 631)

MARC details
000 -LEADER
fixed length control field 00322nam a2200133Ia 4500
008 - FIXED-LENGTH DATA ELEMENTS--GENERAL INFORMATION
fixed length control field 191201s1968 xx 000 0 und d
100 ## - MAIN ENTRY--PERSONAL NAME
Personal name ZWORYKIN,Laval Fx
245 #0 - TITLE STATEMENT
Title Columbia Viking Desk Encyclopedia
250 ## - EDITION STATEMENT
Edition statement 3rd
260 ## - PUBLICATION, DISTRIBUTION, ETC. (IMPRINT)
Place of publication, distribution, etc New York
Name of publisher, distributor, etc Viking press
Date of publication, distribution, etc 1968
300 ## - PHYSICAL DESCRIPTION
Extent 1202
650 ## - SUBJECT ADDED ENTRY--TOPICAL TERM
Topical term or geographic name as entry element Applied
942 ## - ADDED ENTRY ELEMENTS (KOHA)
Source of classification or shelving scheme Dewey Decimal Classification
Koha item type Text Books
Holdings
Withdrawn status Lost status Source of classification or shelving scheme Damaged status Not for loan Collection code Home library Current library Date acquired Source of acquisition Serial Enumeration / chronologySerial Enumeration / Volume No. Bill Number Total Checkouts Full call number Acc. no. / Barcode Date last seen Bill Date Koha item type Public note
    Dewey Decimal Classification     GENERAL PIET C-LIBRARY PIET C-LIBRARY 05/10/2010 Donated by N.D.SHARMA II Donated by N.D.SHARMA   032 ZWC 16581 04/12/2019 27/09/2010 Text Books Encyclopedia

Design & Developed by: PIET Central Library
R70 Miles Stone Pattikalyana Samalkha Panipat 132102
mail ID :- [email protected], Phone No:- 0180-2569700 Ex.216